000
00224nam a2200121Ia 4500
100
_a
#N/A
942
_c
BK
245
_a
Cracking the 2012 TOEFL iBT
260
_b
#N/A
082
_b
22059
546
_a
ENGLISH
999
_c
35062
_d
35062